Piłka nozna quiz - Statystyki

Ogólne statystyki
  • Ten quiz został rozwiązany 4 695 razy
  • Średni wynik to 5 z 5
Statystyki odpowiedzi
Zagadnienie Odpowiedź % Poprawnych
Który to CR7?
98%
Kto pochodzi z belgi? Kevin De Bruyne
97%
Kto gra w lidze "MLS"? L. Messi
95%
Kto wygral 14 UCL? Real Madrid CF
95%
Ile ma Messi złotych piłek? 8
75%
Nie znaleziono quizów pasujących do podanych kryteriów
Rozkład punktacji
Procent ludzi z każdym wynikiem
Percentyl według liczby udzielonych odpowiedzi
Twoja historia wyników
Nie rozwiązałeś tego quizu